|
|
|
|
| LEADER |
00000nab a2200000 ar4500 |
| 001 |
vtls009003472 |
| 003 |
SK-MaSNL |
| 005 |
20260303065552.0 |
| 008 |
070521c2007 xo |||||||| 000 b|hun |
| 015 |
|
|
|a SNBRB2007/05
|2 snkbucl
|
| 038 |
|
|
|a SNKBUCL
|
| 040 |
|
|
|a DSZK
|b slo
|c DSZK
|e AACR2
|
| 041 |
0 |
|
|a hun
|
| 044 |
|
|
|a xo
|c SK
|
| 080 |
|
|
|a 821.511.141 (498)-1=511.141
|2 1997
|
| 100 |
1 |
|
|a Horváth, István,
|d 1909-1977
|4 aut
|9 1065810
|
| 245 |
1 |
0 |
|a Anyanyelvemben őrizlek téged
|c Horváth István
|
| 650 |
0 |
7 |
|a lyrické básne, maďarské
|2 snkbucl
|9 71024
|
| 773 |
0 |
|
|t Kálvinista szemle
|g Évf. LXXVIII, sz. 5 (2007), o. 2
|x 1335-7298
|
| 852 |
|
|
|a SNK
|b KIS3GCP
|
| 852 |
|
|
|a DSZK
|b KIS3GCP
|
| 958 |
|
|
|a HU
|
| 958 |
|
|
|a LX
|
| 958 |
|
|
|a RO
|
| 999 |
|
|
|c 1751723
|d 1753653
|